000 00513nam a2200193Ia 4500
003 LK-CoDNM
008 010623t1923 xxu||||| |||| 00| 1 sin d
040 _aLK-CoDNM
_dLK-CoDNM
_eLK-CoDNM
041 _asin
080 _a104 K 3
100 _aGunasekara,B.T
_eed.
245 _aසංඛ්‍යා නාම විභාගය
246 _aSankya Naama Vibaagaya
260 _bVidya Sagara
_aColombo
_c1923
300 _b65p, 21 cm
650 _aNombers
700 _aMantriratna,M.L.P
_eed.
942 _cBK
999 _c91950
_d91950